000 00406cam a2200157ua 4500
041 _amal
_h
082 _a894.812 09
_bpar/ma
100 _aParameswaran Nair, P K .
245 _aMalayala Sahitya Charitram /
_cP K Parameswaran Nair.
_hTextual Documents
250 _a3 /
_b.
260 _aNewDelhi :
_bSahitya Akademi ,
_c1966.
300 _a326 ; .
504 _a
942 _cBK
999 _c3793
_d3793